Central Library OPAC University of Rajshahi

Chemical publications, their nature and use / (Record no. 9867)

MARC details
000 -LEADER
fixed length control field 00890cam a22002771 4500
001 - CONTROL NUMBER
control field 9867
003 - CONTROL NUMBER IDENTIFIER
rucl marc code BD-RjUL
005 - DATE AND TIME OF LATEST TRANSACTION
control field 20211208234844.0
008 - FIXED-LENGTH DATA ELEMENTS--GENERAL INFORMATION
fixed length control field 140122s1940 nyuak b 001 0 eng
035 ## - SYSTEM CONTROL NUMBER
System control number (BD-RjUL)9912
System control number (OCoLC)3191960
040 ## - CATALOGING SOURCE
Original cataloging agency DLC
Transcribing agency ScU
Modifying agency ScU
-- DLC
-- BD-RjUL
Language of cataloging eng
041 ## - LANGUAGE CODE
Language code of text/sound track or separate title eng
082 ## - DEWEY DECIMAL CLASSIFICATION NUMBER
Classification number 016.54
Author mark and year MEC 1940
100 1# - MAIN ENTRY--PERSONAL NAME
Personal name Mellon, M. G.
Fuller form of name (Melvin Guy),
Dates associated with a name 1893-1993.
9 (RLIN) 30486
245 10 - TITLE STATEMENT
Title Chemical publications, their nature and use /
Statement of responsibility, etc. by M. G. Mellon.
250 ## - EDITION STATEMENT
Edition statement 2nd ed.
260 ## - PUBLICATION, DISTRIBUTION, ETC. (IMPRINT)
Place of publication, distribution, etc. New York ;
-- London :
Name of publisher, distributor, etc. McGraw-Hill book company, inc.,
Date of publication, distribution, etc. c1940.
300 ## - PHYSICAL DESCRIPTION
Pagination xii, 284 p. :
Illustrations Ill. ;
Size 23 cm.
504 ## - BIBLIOGRAPHY, ETC. NOTE
Bibliography, etc Includes index.
650 ## - SUBJECT ADDED ENTRY--TOPICAL TERM
Topical term or geographic name as entry element Chemical literature
General subdivision Bibliography.
9 (RLIN) 167315
Topical term or geographic name as entry element Chemistry
General subdivision Study and teaching.
9 (RLIN) 167316
942 ## - ADDED ENTRY ELEMENTS (KOHA)
Source of classification or shelving scheme Dewey Decimal Classification
Koha item type Reference
Holdings
Lost status Source of classification or shelving scheme Damaged status Not for loan Collection code Permanent Location Current Location Shelving location Date acquired Source of acquisition Cost, normal purchase price Total Checkouts Full call number Date last seen Copy number Koha item type
  Dewey Decimal Classification   Not For Loan Reference Central Library, University of Rajshahi Central Library, University of Rajshahi   17/10/1957 Pub. Uni. Ltd. 27.80   R 016.54 MEC 1940 22/01/2014 C-1 Reference